Les Pokémon avec le talent Farceur (jusqu'à la 8G) - Statistiques

Statistiques générales
  • Ce quiz a été pris 21 fois
  • Le résultat moyen est 9 sur 17
Statistiques - réponses
DW ? Gen Réponse % Correct
302 Oui 3 Ténéfix
94%
861 Non 8 Angoliath
82%
859 Non 8 Grimalin
76%
860 Non 8 Fourbelin
71%
642 Non 5 Fulguris
71%
354 (Méga) Non 3 Méga Branette
71%
707 Non 6 Trousselin
71%
641 Non 5 Boréas
65%
546 Non 5 Doudouvet
65%
509 Oui 5 Chacripan
47%
510 Oui 5 Léopardus
47%
447 Oui 4 Riolu
41%
314 Oui 3 Lumivole
35%
313 Oui 3 Muciole
35%
198 Oui 2 Cornèbre
29%
678 Oui 6 Mistigrix (seulement les mâles)
24%
547 Non 5 Farfarduvet
18%
Aucun quiz correspondant
Distribution des résultats
% des personnes avec chaque résultat
Percentile par nombre de réponses
Votre historique - résultats
Vous n’avez pas pris ce quiz